MARC

LEADER 00000nmm0a2200000 4500
001 164729
005 20231101222513.0
010 |a 9780521701860 
035 |a (RuTPU)RU\TPU\book\178723 
035 |a RU\TPU\book\178711 
090 |a 164729 
100 |a 20090910d2008 m y0engy50 ba 
101 0 |a eng 
102 |a GB 
105 |a a j 000zy 
200 1 |a Real Writing 2 with answers  |f G. Palmer 
210 |a Cambridge  |c Cambridge University Press  |d 2008 
215 |a 111 p.  |c il.  |e CD-ROM 
225 1 |a English Skills 
606 1 |a Английский язык  |x Учебные руководства и пособия  |x Пособия по развитию речи, разговорники  |2 stltpush  |3 (RuTPU)RU\TPU\subj\29074  |9 52486 
610 1 |a лексика 
610 1 |a письмо 
610 1 |a письменная речь 
610 1 |a упражнения 
686 |a Ш143.21-923.4  |v LBC/SL-A  |2 rubbk 
700 1 |a Palmer  |b G.  |g Graham 
801 1 |a RU  |b 63413507  |c 20090910 
801 2 |a RU  |b 63413507  |c 20170601  |g RCR 
942 |c MX